000 00543nam a2200229Ia 4500
003 OSt
005 20221005115822.0
006 a|||||r|||| 00| 0
007 ta
008 221004b |||||||| |||| 00| 0 eng d
024 _a64324
037 _cTextual
040 _aCRL
_cCRL
_beng
041 _2eng
_aeng
082 _aW691, G5-;1
100 _aLaski Harold J
245 0 _aCommunism
260 _c1935
650 _aPOLITICAL SCIENCE
942 _hW691, G5-;1
_cTEXL
_2cc
999 _c1035998
_d1035998